Country shapes of the World (without small islands) - Statistics

General Stats
  • This quiz has been taken 65 times
  • The average score is 102 of 167
Answer Stats
Picture Answer % Correct
Canada
100%
United States
97%
Cuba
91%
Mexico
91%
Belize
88%
United kingdom
81%
Brazil
78%
Chile
78%
Costa rica
78%
France
78%
Haiti
78%
NIcaragua
78%
Spain
78%
Argentina
75%
Denmark
75%
Dominican republic
75%
Finland
75%
Germany
75%
Guatemala
75%
Iceland
75%
Ireland
75%
Italy
75%
Norway
75%
Sweden
75%
Jamaica
72%
Latvia
72%
Panama
72%
Poland
72%
Venezuela
72%
Austria
69%
Belgium
69%
Bolivia
69%
Bulgaria
69%
Czech republic
69%
Ecuador
69%
El salvador
69%
Estonia
69%
Greece
69%
Monaco
69%
Netherlands
69%
Paraguay
69%
Peru
69%
Portugal
69%
Romania
69%
Russia
69%
Belarus
66%
China
66%
Colombia
66%
Guyana
66%
Honduras
66%
Hungary
66%
India
66%
Kazakhstan
66%
Lithuania
66%
Luxembourg
66%
Moldova
66%
Slovakia
66%
Suriname
66%
Switzerland
66%
Ukraine
66%
Vatican city
66%
Afghanistan
63%
Andorra
63%
Croatia
63%
Iran
63%
Iraq
63%
Turkey
63%
Uruguay
63%
Albania
59%
Australia
59%
Central African Republic
59%
Israel
59%
Japan
59%
Kuwait
59%
Kyrgyzstan
59%
Nepal
59%
New zealand
59%
Niger
59%
North korea
59%
Oman
59%
Pakistan
59%
Papua new guinea
59%
San marino
59%
Saudi arabia
59%
South korea
59%
Tajikistan
59%
Turkmenistan
59%
Yemen
59%
Algeria
56%
Armenia
56%
Bahrain
56%
Bangladesh
56%
Bosnia and herzegovina
56%
Democratic republic of the Congo
56%
Egypt
56%
Equatorial guinea
56%
Georgia
56%
Indonesia
56%
Ivory coast
56%
Laos
56%
Lebanon
56%
Libya
56%
Malaysia
56%
Mongolia
56%
Morocco
56%
Myanmar
56%
Nigeria
56%
Phillippines
56%
Qatar
56%
Republic of the Congo
56%
Senegal
56%
Slovenia
56%
Somalia
56%
South africa
56%
Sri lanka
56%
Syria
56%
Taiwan
56%
Thailand
56%
United arab emirates
56%
Uzbekistan
56%
Vietnam
56%
Angola
53%
Benin
53%
Bhutan
53%
Burkina faso
53%
Burundi
53%
Chad
53%
Djibouti
53%
Eritrea
53%
Ethiopia
53%
Gabon
53%
Gambia
53%
Guinea
53%
Kosovo
53%
Lesotho
53%
Liberia
53%
Madagascar
53%
Mali
53%
Malta
53%
Mauritania
53%
Montenegro
53%
North Macedonia
53%
Serbia
53%
Singapore
53%
South sudan
53%
Sudan
53%
Tunisia
53%
Uganda
53%
Brunei
50%
Cameroon
50%
East timor
50%
Eswatini
50%
Kenya
50%
Malawi
50%
Namibia
50%
rwanda
50%
Sierra leone
50%
Tanzania
50%
Togo
50%
Zambia
50%
Botswana
47%
Cambodia
47%
Mozambique
47%
Zimbabwe
47%
Lichtenstein
28%
Guinea-bisau
16%
Azerbajian
9%
No matching quizzes found
Score Distribution
Percent of People with Each Score
Percentile by Number Answered
Your Score History
You have not taken this quiz